Statistics for Countries that banned the bitcoin

Click here to take the quiz!

General Stats

  • This quiz has been taken 36 times
  • The average score is 5 of 15

Answer Stats

Answer % Correct
China
83%
Iran
60%
Saudi Arabia
43%
Algeria
40%
Indonesia
34%
Pakistan
34%
Egypt
34%
Morocco
31%
Cambodia
20%
Taiwan
17%
Bangladesh
17%
Nepal
17%
Colombia
17%
Ecuador
14%
Bolivia
14%

Score Distribution

Percentile by Number Answered

Percent of People with Each Score

Your Score History

You have not taken this quiz